| 000 | 00789cam a22002174a 4500 | ||
|---|---|---|---|
| 005 | 20250605164025.0 | ||
| 008 | 250528s ||||||||||||||||||||||||d | ||
| 035 | _a16492 | ||
| 020 | _a71312749 | ||
| 040 |
_aGR-AtMCL _bgre _dGR-AtMCL _eAACR2 |
||
| 245 | 1 | _aThe Study of Behavior / Second Edition | |
| 250 | _a2nd | ||
| 260 | _c1979 | ||
| 300 | _a68 | ||
| 520 | _aThe Institute of Biology's Studies in Biology no.3 General Preface to the Series, Preface, Observing and Describing Behavior, Orientation and Navigation, Sensory Factors in Behavior, Courtship, Rhythms, Hormones and Pheromones, Learning, Social Behavior, Behavior and Survival, Further Reading. | ||
| 700 | 1 |
_aCarthy J.D _92585 |
|
| 700 | 1 |
_aEdward Arnold _9242 |
|
| 942 | _cBK | ||
| 999 |
_c1986 _d1986 |
||